[Event "Staatsliga B - Mitte 2002/03"]
[Site "?"]
[Date "2002.10.11"]
[Round "1.3"]
[White "ROGULJ, Branko"]
[Black "HERRMANN, Johann"]
[Result "1-0"]
[WhiteElo "2435"]
[BlackElo "2182"]
[Annotator "STYRIA GRAZ-LEIBNITZ, BRETT 3"]
[PlyCount "83"]
[EventDate "2002.10.11"]

1. e4 b6 2. d4 Bb7 3. Nc3 e6 4. a3 d6 5. Nf3 Nd7 6. Bd3 Ne7 7. Qe2 a6 8. h4 c5
9. Be3 Qc7 10. O-O-O d5 11. exd5 Nxd5 12. Nxd5 Bxd5 13. Bc4 Bxc4 14. Qxc4 b5
15. Qc3 c4 16. d5 e5 17. h5 h6 18. Nh4 a5 19. Nf5 b4 20. d6 bxc3 21. dxc7 cxb2+
22. Kxb2 Rc8 23. Rd5 Rxc7 24. Rxa5 f6 25. Kc3 Kf7 26. Rd1 Be7 27. a4 Rhc8 28.
Nxe7 Kxe7 29. Rb5 Ra8 30. a5 f5 31. f4 Ke6 32. fxe5 Rc6 33. Rdd5 Raa6 34. Kb4
Ra8 35. Bf4 Nb8 36. Rd6+ Rxd6 37. exd6 Nc6+ 38. Ka4 Nd4 39. Re5+ Kd7 40. Re7+
Kc6 41. d7 Rd8 42. c3 1-0

[Event "Staatsliga B - Mitte 2002/03"]
[Site "?"]
[Date "2002.10.11"]
[Round "1.5"]
[White "BAWART, Markus"]
[Black "HRASTNIK, Horst"]
[Result "1-0"]
[WhiteElo "2337"]
[BlackElo "2082"]
[Annotator "STYRIA GRAZ-LEIBNITZ, BRETT 5"]
[PlyCount "79"]
[EventDate "2002.10.11"]

1. Nf3 Nf6 2. d4 d6 3. Nc3 g6 4. e4 c6 5. Bd3 Bg7 6. O-O O-O 7. h3 Nbd7 8. a4
e5 9. dxe5 dxe5 10. b3 Nh5 11. Ba3 Re8 12. Nd2 Nf4 13. Nc4 Nf8 14. Qf3 N8e6 15.
Nd6 Nd4 16. Qg3 Re6 17. Nxc8 Rxc8 18. Bc5 b6 19. Bxd4 Qxd4 20. Bc4 Re7 21. Rad1
Qc5 22. Qg4 Rce8 23. Ne2 Nxe2+ 24. Qxe2 Rc7 25. Rd3 b5 26. axb5 cxb5 27. Rd5
Qb4 28. Rxb5 Qc3 29. Rd1 Bh6 30. Rbd5 Kg7 31. h4 Qb4 32. Rd6 Kg8 33. h5 Kg7 34.
Qf3 Bg5 35. c3 Qb8 36. Qg4 Be7 37. hxg6 hxg6 38. Bxf7 Bxd6 39. Qxg6+ Kf8 40.
Bxe8 1-0

[Event "Staatsliga B - Mitte 2002/03"]
[Site "?"]
[Date "2002.10.12"]
[Round "2.1"]
[White "HABA, Petr"]
[Black "GLEK, Igor V"]
[Result "1/2-1/2"]
[WhiteElo "2534"]
[BlackElo "2576"]
[PlyCount "95"]
[EventDate "2002.10.12"]

1. e4 e6 2. d4 d5 3. e5 c5 4. c3 Nc6 5. Nf3 Bd7 6. a3 Nge7 7. b4 cxd4 8. cxd4
Nf5 9. Bb2 b5 10. Nc3 a6 11. Bd3 Nfxd4 12. Nxd4 Nxd4 13. Nxd5 Nc6 14. Nf4 g6
15. O-O Bg7 16. Be4 Ra7 17. Bxc6 Bxc6 18. Rc1 Qxd1 19. Rfxd1 Rd7 20. Rd6 Rxd6
21. exd6 Bxb2 22. Rxc6 Kd7 23. Rxa6 Be5 24. Nd3 Bxd6 25. Ra7+ Kc6 26. Rxf7 Ra8
27. Rf3 Kd5 28. Kf1 e5 29. Ne1 Rc8 30. Rd3+ Ke6 31. f3 Rc1 32. Ke2 Ra1 33. Nc2
Rc1 34. Ne3 e4 35. fxe4 Bxh2 36. Rd5 Rc3 37. Rxb5 Bg1 38. Nd5 Rxa3 39. Rb7 Ke5
40. Re7+ Kd4 41. b5 Rb3 42. b6 h5 43. b7 Bh2 44. Kd2 Kc5 45. Kc2 Rb5 46. Rg7
Be5 47. Rxg6 Rxb7 48. Rg5 1/2-1/2

[Event "Staatsliga B - Mitte 2002/03"]
[Site "?"]
[Date "2002.10.12"]
[Round "2.2"]
[White "UHLMANN, Wolfgang"]
[Black "TOPAKIAN, Raffi"]
[Result "1/2-1/2"]
[WhiteElo "2440"]
[BlackElo "2424"]
[PlyCount "105"]
[EventDate "2002.10.12"]

1. c4 Nf6 2. Nc3 d5 3. cxd5 Nxd5 4. g3 c5 5. Bg2 Nc7 6. f4 g6 7. d3 Bg7 8. Be3
Ne6 9. Nf3 Nc6 10. O-O O-O 11. Rc1 Bd7 12. Bf2 Rc8 13. e3 Nc7 14. Qe2 b6 15.
Rfd1 e5 16. fxe5 Nxe5 17. Nxe5 Bxe5 18. d4 Bg7 19. dxc5 bxc5 20. Ne4 Ne6 21. b3
Qe7 22. Qa6 Rc7 23. Be1 Bc6 24. Qe2 Ba8 25. Ba5 Rcc8 26. Bc3 Bxc3 27. Nxc3 Bxg2
28. Qxg2 Nc7 29. Qe4 Qf6 30. Rd7 Kg7 31. Rxc7 Rxc7 32. Nd5 Qd6 33. Nxc7 Qxc7
34. b4 c4 35. Qxc4 Qb8 36. b5 h5 37. a4 Rd8 38. Qc7 Qa8 39. Rf1 Rf8 40. Qe5+
Kg8 41. a5 Qb7 42. Rd1 Qf3 43. Rf1 Qe2 44. b6 axb6 45. axb6 Qa6 46. Qc7 Qa2 47.
b7 Qb3 48. Re1 Qb4 49. Re2 Qb1+ 50. Kf2 Qf5+ 51. Qf4 Qb5 52. Qc7 Qf5+ 53. Qf4
1/2-1/2

[Event "Staatsliga B - Mitte 2002/03"]
[Site "?"]
[Date "2002.10.12"]
[Round "2.3"]
[White "JANZ, Frerik"]
[Black "IONESCU, Doru Alexandru"]
[Result "1-0"]
[WhiteElo "2366"]
[BlackElo "2433"]
[PlyCount "81"]
[EventDate "2002.10.12"]

1. c4 g6 2. Nc3 Bg7 3. g3 Nf6 4. Bg2 O-O 5. Nf3 Nc6 6. Rb1 d5 7. cxd5 Nxd5 8.
Qb3 Nb6 9. d3 a5 10. a3 Bg4 11. Be3 e5 12. Bxb6 cxb6 13. O-O Nd4 14. Nxd4 exd4
15. Na4 Bxe2 16. Rfe1 Re8 17. Nxb6 Rb8 18. Bd5 Kh8 19. Bxf7 Re5 20. Nc4 Re7 21.
Nd2 a4 22. Qb5 Qf8 23. Bd5 Rbe8 24. Bc4 Bh6 25. Ne4 Bf3 26. Qc5 Bg7 27. Bb5 b6
28. Qg5 Rc8 29. Bxa4 Re5 30. Qd2 Bh6 31. Qb4 Qf5 32. Bd1 Bg7 33. Bxf3 Qxf3 34.
Qd2 Rce8 35. Ng5 Qf5 36. Rxe5 Rxe5 37. Re1 h6 38. Rxe5 Bxe5 39. Ne4 Kh7 40. Kg2
Bg7 41. Qb4 1-0

[Event "Staatsliga B - Mitte 2002/03"]
[Site "?"]
[Date "2002.10.12"]
[Round "2.4"]
[White "BAUMGARTNER, Heinz"]
[Black "MENACHER, Manfred"]
[Result "1/2-1/2"]
[WhiteElo "2398"]
[BlackElo "2354"]
[PlyCount "55"]
[EventDate "2002.10.12"]

1. Nf3 Nf6 2. g3 b5 3. Bg2 Bb7 4. O-O e6 5. b3 c5 6. c4 b4 7. a3 Be7 8. d4 O-O
9. dxc5 Bxc5 10. axb4 Bxb4 11. Ne5 Bxg2 12. Kxg2 Qc7 13. Nd3 Be7 14. f3 d5 15.
Bf4 Qb6 16. Nc3 dxc4 17. bxc4 Nbd7 18. Qa4 Rfc8 19. Rfc1 a6 20. Nd1 Nc5 21.
Nxc5 Bxc5 22. Rab1 Qa7 23. Qb3 Rc6 24. Qb7 Qxb7 25. Rxb7 Rac8 26. e4 Rd8 27. g4
h6 28. Nf2 1/2-1/2

[Event "Staatsliga B - Mitte 2002/03"]
[Site "?"]
[Date "2002.10.12"]
[Round "2.5"]
[White "KRANZL, Peter"]
[Black "ROLLETSCHEK, Heinrich"]
[Result "0-1"]
[WhiteElo "2247"]
[BlackElo "2261"]
[PlyCount "50"]
[EventDate "2002.10.12"]

1. Nf3 g6 2. g3 Bg7 3. Bg2 e5 4. e4 c5 5. O-O Ne7 6. c3 Nbc6 7. d3 b6 8. Na3
O-O 9. Nc2 d5 10. exd5 Nxd5 11. Re1 Bb7 12. d4 exd4 13. cxd4 cxd4 14. Ncxd4
Nxd4 15. Nxd4 Qf6 16. Nf3 Rfe8 17. Rxe8+ Rxe8 18. a3 Nc3 19. Bg5 Nxd1 20. Bxf6
Bxf3 21. Bxf3 Re1+ 22. Kg2 Ne3+ 23. fxe3 Rxa1 24. Bxg7 Kxg7 25. Bd5 Rd1 0-1

[Event "Staatsliga B - Mitte 2002/03"]
[Site "?"]
[Date "2002.10.12"]
[Round "2.6"]
[White "WOEBER, Friedrich"]
[Black "HAGER, Herbert"]
[Result "1/2-1/2"]
[WhiteElo "2176"]
[BlackElo "2142"]
[PlyCount "32"]
[EventDate "2002.10.12"]

1. e4 c5 2. d4 cxd4 3. c3 d3 4. Bxd3 d6 5. Nf3 Nd7 6. O-O Ngf6 7. Re1 e6 8. c4
Be7 9. Nc3 O-O 10. h3 b6 11. Bf4 a6 12. e5 dxe5 13. Nxe5 Bb7 14. Qe2 Nxe5 15.
Bxe5 Qc8 16. Rad1 Qc6 1/2-1/2

[Event "Staatsliga B - Mitte 2002/03"]
[Site "?"]
[Date "2002.10.12"]
[Round "2.1"]
[White "GUREVICH, Mikhail"]
[Black "KONOPKA, Michal"]
[Result "1/2-1/2"]
[WhiteElo "2634"]
[BlackElo "2449"]
[PlyCount "118"]
[EventDate "2002.10.12"]

1. c4 Nf6 2. Nc3 d5 3. cxd5 Nxd5 4. g3 g6 5. Bg2 Nxc3 6. bxc3 Bg7 7. Rb1 Nc6 8.
Nf3 O-O 9. O-O b6 10. Nd4 Nxd4 11. cxd4 Rb8 12. d5 Bb7 13. Qb3 Qd7 14. d3 Rfd8
15. Bf4 Rbc8 16. Rfc1 Bxd5 17. Bxd5 Qxd5 18. Bxc7 Qxb3 19. axb3 Rd7 20. Bf4
Rxc1+ 21. Rxc1 f5 22. Rc8+ Kf7 23. Ra8 Bf6 24. h3 h5 25. Kg2 Rd5 26. Bd2 a5 27.
Ra6 Rb5 28. Be3 Rxb3 29. Bxb6 Bc3 30. d4 Rb5 31. Kf3 Rd5 32. Ra8 Bxd4 33. e4
Rd7 34. Bxd4 Rxd4 35. exf5 gxf5 36. Rxa5 Kf6 37. h4 Rd3+ 38. Ke2 Rd8 39. Ra6+
e6 40. Ra7 Rh8 41. Ke3 Rh6 42. Ra8 Rh7 43. Rg8 Kf7 44. Rb8 Kf6 45. Kf4 Rh6 46.
Rf8+ Kg7 47. Rc8 Kf6 48. Rf8+ Kg7 49. Rd8 Kf6 50. Ke3 Rh7 51. Kd4 Ke7 52. Rg8
Kf7 53. Ra8 Kf6 54. Kd3 Rd7+ 55. Ke2 Rh7 56. Ke3 Rh6 57. Kd4 Rh7 58. Kc5 Rc7+
59. Kd4 Rh7 1/2-1/2

[Event "Staatsliga B - Mitte 2002/03"]
[Site "?"]
[Date "2002.10.12"]
[Round "2.2"]
[White "HEIMBERGER, Reinhard"]
[Black "GYIMESI, Zoltan"]
[Result "0-1"]
[WhiteElo "2312"]
[BlackElo "2596"]
[PlyCount "94"]
[EventDate "2002.10.12"]

1. g3 d5 2. Bg2 e5 3. Nf3 Nc6 4. O-O Be6 5. d3 f6 6. Nbd2 Qd7 7. e4 d4 8. a3 g5
9. b4 Nge7 10. h4 h6 11. Nb3 b6 12. Nh2 a5 13. b5 Nd8 14. a4 Nf7 15. h5 Rc8 16.
Kh1 c6 17. bxc6 Nxc6 18. f4 Nb4 19. Rf2 Be7 20. Ba3 Rxc2 21. Rxc2 Bxb3 22. Bxb4
Bxb4 23. Rc8+ Ke7 24. Qxb3 Rxc8 25. fxe5 Nxe5 26. Rf1 Rb8 27. Nf3 Nxf3 28. Rxf3
Bd6 29. Rf5 Be5 30. Bh3 Qd6 31. Rf2 Bxg3 32. Rc2 Kf8 33. Bf5 Qb4 34. Qa2 Kg7
35. Bg6 Rf8 36. Kg2 Qd6 37. Qc4 Bh2 38. Kh1 Be5 39. Qb5 Rd8 40. Rc6 Qd7 41. Qc4
Qh3+ 42. Kg1 Kh8 43. Re6 Qg4+ 44. Kf1 Qd1+ 45. Kf2 Bf4 46. Qxd4 Qc2+ 47. Kf1
Qb1+ 0-1

[Event "Staatsliga B - Mitte 2002/03"]
[Site "?"]
[Date "2002.10.12"]
[Round "2.3"]
[White "STANEC, Nikolaus"]
[Black "SANDHOEFNER, Florian"]
[Result "1-0"]
[WhiteElo "2523"]
[BlackElo "2259"]
[PlyCount "47"]
[EventDate "2002.10.12"]

1. c4 g6 2. Nc3 Bg7 3. g3 d6 4. Bg2 e5 5. Nf3 Nc6 6. O-O Be6 7. d3 h6 8. Rb1
Qd7 9. b4 f5 10. b5 Nd8 11. e4 Nf6 12. Nh4 Qf7 13. f4 exf4 14. exf5 gxf5 15.
Bxf4 O-O 16. Ne2 Nd7 17. Qd2 Kh7 18. Be3 Qe7 19. Nd4 f4 20. Be4+ Kg8 21. Ng6
Qe8 22. Nxf4 Bxd4 23. Bxd4 Bf7 24. Nd5 1-0

[Event "Staatsliga B - Mitte 2002/03"]
[Site "?"]
[Date "2002.10.12"]
[Round "2.4"]
[White "TOBER, Gerhard"]
[Black "WEISS, Christian"]
[Result "1-0"]
[WhiteElo "2233"]
[BlackElo "2422"]
[PlyCount "87"]
[EventDate "2002.10.12"]

1. e4 c5 2. c3 g6 3. d4 cxd4 4. cxd4 d5 5. exd5 Nf6 6. Nc3 Nxd5 7. Nf3 Bg7 8.
Bc4 Nb6 9. Bb3 O-O 10. Ne5 Nc6 11. Nxc6 bxc6 12. Be3 Nd5 13. Nxd5 cxd5 14. O-O
e6 15. Qd2 Qb6 16. Ba4 Ba6 17. Rfc1 Rfc8 18. h3 Rab8 19. b3 Bf8 20. Rxc8 Rxc8
21. Rc1 Rxc1+ 22. Qxc1 Bb7 23. Be8 f6 24. Qc2 Kg7 25. h4 Qd8 26. Ba4 Bd6 27.
Qd2 Qc7 28. Qc1 Qb6 29. h5 Kf7 30. hxg6+ hxg6 31. Qd1 Ba6 32. Qg4 Qb4 33. g3
Qe1+ 34. Kh2 Be2 35. Qh4 Bh5 36. Qh3 Qd1 37. Bb5 Bf8 38. Qf1 Qc2 39. Qh3 f5 40.
Qh4 Be7 41. Qf4 Qxa2 42. Qb8 Kg7 43. Qc7 Qa3 44. Bg5 1-0

[Event "Staatsliga B - Mitte 2002/03"]
[Site "?"]
[Date "2002.10.12"]
[Round "2.5"]
[White "KNOLL, Hermann"]
[Black "STADLER, Peter"]
[Result "1-0"]
[WhiteElo "2365"]
[BlackElo "2187"]
[PlyCount "69"]
[EventDate "2002.10.12"]

1. e4 c5 2. Nf3 e6 3. d4 cxd4 4. Nxd4 Nf6 5. Nc3 d6 6. f3 a6 7. Be3 Qc7 8. g4
b5 9. Qd2 Bb7 10. O-O-O Nc6 11. Bxb5 axb5 12. Ndxb5 Qa5 13. g5 Nd7 14. Nxd6+
Bxd6 15. Qxd6 Nde5 16. f4 Rd8 17. Qc5 Rxd1+ 18. Rxd1 Qxc5 19. Bxc5 Nd7 20. Ba3
Na5 21. b3 Bc6 22. Bb4 Nb7 23. Rd4 Kd8 24. a4 Kc7 25. Rc4 Rc8 26. Nb5+ Kb6 27.
Nd4 Nb8 28. Nf3 Rd8 29. Bc3 Rg8 30. Ne5 Nd6 31. Rb4+ Kc7 32. Bd4 Nxe4 33. Bb6+
Kd6 34. Ba7 Na6 35. Rb6 1-0

[Event "Staatsliga B - Mitte 2002/03"]
[Site "?"]
[Date "2002.10.12"]
[Round "2.6"]
[White "PETROCZI, Thomas"]
[Black "TKACZUK, Rainer"]
[Result "1/2-1/2"]
[WhiteElo "2131"]
[BlackElo "2273"]
[PlyCount "58"]
[EventDate "2002.10.12"]

1. e4 g6 2. d4 Bg7 3. Nc3 c6 4. Nf3 Nf6 5. Be2 O-O 6. O-O d6 7. h3 Qc7 8. Be3
b5 9. a3 a6 10. Nd2 c5 11. Bf3 cxd4 12. Bxd4 e5 13. Be3 Bb7 14. Nb3 Nbd7 15.
Re1 Rad8 16. Qe2 Nb6 17. Bxb6 Qxb6 18. Rad1 Rfe8 19. Qe3 Qc7 20. g3 Nd7 21. Bg2
Nb6 22. Rd3 Nc4 23. Qc1 Rc8 24. Red1 Bf8 25. Qb1 Bh6 26. Nd5 Bxd5 27. Rxd5 Red8
28. c3 Nb6 29. R5d3 Nc4 1/2-1/2

[Event "Staatsliga B - Mitte 2002/03"]
[Site "?"]
[Date "2002.10.12"]
[Round "2.1"]
[White "WITTMANN, Walter"]
[Black "PAVASOVIC, Dusko"]
[Result "0-1"]
[WhiteElo "2345"]
[BlackElo "2581"]
[PlyCount "46"]
[EventDate "2002.10.12"]

1. e4 e5 2. Nf3 Nc6 3. Bb5 a6 4. Bxc6 dxc6 5. O-O Qd6 6. Na3 Qe6 7. b3 Ne7 8.
Nc4 Ng6 9. d4 exd4 10. Nxd4 Qg4 11. Qxg4 Bxg4 12. f3 Bd7 13. Ba3 c5 14. Nf5
O-O-O 15. Rfd1 Re8 16. Nce3 Nf4 17. Bb2 Rg8 18. Kf2 g6 19. Ng3 Bh6 20. c4 f5
21. exf5 Nh3+ 22. gxh3 Bxe3+ 23. Kf1 gxf5 0-1

[Event "Staatsliga B - Mitte 2002/03"]
[Site "?"]
[Date "2002.10.12"]
[Round "2.2"]
[White "BUHMANN, Rainer"]
[Black "WATZKA, Horst"]
[Result "1-0"]
[WhiteElo "2527"]
[BlackElo "2348"]
[PlyCount "109"]
[EventDate "2002.10.12"]

1. d4 Nf6 2. c4 g6 3. Nc3 Bg7 4. e4 d6 5. Be2 O-O 6. Bg5 Na6 7. h4 e5 8. d5 h6
9. Be3 Nc5 10. Qc2 c6 11. h5 cxd5 12. cxd5 Qa5 13. Bd2 Bd7 14. hxg6 fxg6 15.
Rb1 Qb6 16. Be3 Qc7 17. Rc1 Rac8 18. Qb1 a5 19. g3 h5 20. Nh3 Qd8 21. f3 Bxh3
22. Rxh3 Nh7 23. Rh1 Bf6 24. Bf2 Rf7 25. Nb5 Bg5 26. Rc3 b6 27. Qc2 Qf8 28. Rf1
Be7 29. Na7 Ra8 30. Nc6 Bg5 31. Kd1 Nf6 32. Bc4 Bh6 33. Qe2 h4 34. gxh4 Nh5 35.
Kc2 Kh7 36. Kb1 Nf4 37. Qd1 Nh5 38. Re1 Qg7 39. Bf1 Bf4 40. Bh3 Qh6 41. Rg1 Bd2
42. Ra3 Bf4 43. b4 Na6 44. Bf1 Rb7 45. Bxa6 Rxa6 46. bxa5 bxa5+ 47. Rb3 Qg7 48.
Rxb7 Qxb7+ 49. Qb3 Qc7 50. Ka1 Kh6 51. a4 Rxc6 52. dxc6 Qxc6 53. Ka2 Nf6 54.
Rd1 Nd7 55. Rd5 1-0

[Event "Staatsliga B - Mitte 2002/03"]
[Site "?"]
[Date "2002.10.12"]
[Round "2.3"]
[White "SINGER, Richard"]
[Black "SCHLINDWEIN, Rolf"]
[Result "0-1"]
[WhiteElo "2281"]
[BlackElo "2426"]
[PlyCount "98"]
[EventDate "2002.10.12"]

1. d4 Nf6 2. Nf3 e6 3. c4 b6 4. g3 Ba6 5. Qc2 Bb7 6. Bg2 c5 7. O-O Nc6 8. dxc5
bxc5 9. Nc3 Qb6 10. Bg5 Nd4 11. Nxd4 Bxg2 12. Kxg2 cxd4 13. Bxf6 gxf6 14. Ne4
Be7 15. f3 f5 16. Nf2 Rc8 17. Nd3 h5 18. c5 Qc7 19. b4 h4 20. f4 Bf6 21. Rac1
Ke7 22. c6 hxg3 23. hxg3 Qxc6+ 24. Qxc6 Rxc6 25. Rxc6 dxc6 26. Rc1 Kd6 27. Rc5
Rb8 28. Ra5 Rb7 29. a3 Bd8 30. Ra6 f6 31. a4 Kd5 32. b5 cxb5 33. axb5 Bb6 34.
Ra1 e5 35. fxe5 fxe5 36. Rf1 Rf7 37. g4 Ke6 38. gxf5+ Rxf5 39. Rc1 e4 40. Rc6+
Kd7 41. Nf2 d3 42. e3 Rg5+ 43. Kh3 d2 44. Rc2 Bxe3 45. Nd1 Bf4 46. Ra2 Rg3+ 47.
Kh4 Rg1 48. Rxa7+ Ke6 49. Nc3 Rc1 0-1

[Event "Staatsliga B - Mitte 2002/03"]
[Site "?"]
[Date "2002.10.12"]
[Round "2.4"]
[White "RESCHUN, Sascha"]
[Black "WEGERER, Fred"]
[Result "1-0"]
[WhiteElo "2280"]
[BlackElo "2240"]
[PlyCount "79"]
[EventDate "2002.10.12"]

1. e4 c6 2. d4 d5 3. e5 Bf5 4. a3 e6 5. c4 Ne7 6. Nc3 dxc4 7. Bxc4 Nd7 8. Nge2
Nb6 9. Ba2 Ned5 10. Ng3 Bg6 11. Nce4 Be7 12. h4 h6 13. h5 Bh7 14. Qg4 Kf8 15.
O-O Nc7 16. Be3 Nbd5 17. Rac1 a5 18. Bb1 Na6 19. Qe2 Qb6 20. Kh2 Rd8 21. Rfd1
Rd7 22. Bd3 Nac7 23. Rc2 Nxe3 24. fxe3 Nd5 25. Rf1 Qd8 26. Rf3 Bh4 27. Nf1 Kg8
28. Nc5 Rc7 29. g3 Be7 30. Bxh7+ Rxh7 31. Ne4 Qe8 32. g4 Qd8 33. Qf2 Bh4 34.
Nfg3 f6 35. Rc1 Rh8 36. Rf1 Qe7 37. Kh3 Bxg3 38. Kxg3 fxe5 39. dxe5 Kh7 40. Qc2
$138 1-0

[Event "Staatsliga B - Mitte 2002/03"]
[Site "?"]
[Date "2002.10.12"]
[Round "2.5"]
[White "DOHR, Alexander"]
[Black "EICHERT, Wolfgang"]
[Result "0-1"]
[WhiteElo "2161"]
[BlackElo "2197"]
[PlyCount "82"]
[EventDate "2002.10.12"]

1. e4 c5 2. Nf3 Nc6 3. Bb5 g6 4. O-O Bg7 5. Nc3 Nd4 6. Bc4 e6 7. d3 Ne7 8. Bf4
d6 9. Nxd4 cxd4 10. Ne2 O-O 11. Qd2 d5 12. Bb3 b6 13. Bg5 dxe4 14. dxe4 Bb7 15.
f3 Qc7 16. Rfd1 Rfd8 17. Kh1 a5 18. Qf4 Qc5 19. Qh4 Rd7 20. c3 Nc6 21. Nf4 Re8
22. Rac1 Qe5 23. Nd3 Qb8 24. c4 e5 25. Ba4 Rc7 26. Bb5 Rec8 27. Bf6 Na7 28. Qg5
Nxb5 29. Bxg7 Kxg7 30. Qxe5+ f6 31. Qxb5 Qa7 32. b3 Bc6 33. Nf4 Bxb5 34. Ne6+
Kf7 35. Nxc7 Qxc7 36. Rxd4 Be8 37. Rcd1 Qe5 38. g3 h5 39. R1d2 Bc6 40. Kg1 f5
41. f4 Qc5 0-1

[Event "Staatsliga B - Mitte 2002/03"]
[Site "?"]
[Date "2002.10.12"]
[Round "2.6"]
[White "KASPRET, Guido"]
[Black "RIEDNER, Martin"]
[Result "1-0"]
[WhiteElo "2278"]
[BlackElo "2206"]
[PlyCount "73"]
[EventDate "2002.10.12"]

1. Nf3 d5 2. d4 e6 3. c4 c5 4. cxd5 exd5 5. g3 Nc6 6. Bg2 Nf6 7. O-O Be7 8. Nc3
O-O 9. Be3 c4 10. Ne5 Be6 11. h3 Bb4 12. Bg5 Bxc3 13. bxc3 h6 14. Bxf6 Qxf6 15.
f4 Rfd8 16. g4 Rd6 17. Rb1 Rb8 18. Nxc6 Rxc6 19. f5 Bd7 20. Bxd5 Rc7 21. Bg2
Bc6 22. e4 b5 23. e5 Qg5 24. Qc1 Qxc1 25. Rfxc1 Bxg2 26. Kxg2 Rd7 27. Kf3 b4
28. Rxb4 Rxb4 29. cxb4 Rxd4 30. Ke3 Rd3+ 31. Ke4 Ra3 32. Rxc4 Rxa2 33. Rc8+ Kh7
34. Rf8 Ra4 35. Rxf7 Rxb4+ 36. Kd5 a5 37. f6 1-0

[Event "Staatsliga B - Mitte 2002/03"]
[Site "?"]
[Date "2002.10.12"]
[Round "2.1"]
[White "MOHR, Georg"]
[Black "PILAJ, Herwig"]
[Result "1/2-1/2"]
[WhiteElo "2488"]
[BlackElo "2360"]
[PlyCount "27"]
[EventDate "2002.10.12"]

1. Nf3 c5 2. g3 Nc6 3. Bg2 g6 4. O-O Bg7 5. e4 Nf6 6. Re1 O-O 7. c3 d6 8. h3
Nd7 9. Na3 Nde5 10. d3 Nxf3+ 11. Qxf3 Rb8 12. Qd1 b5 13. Nc2 b4 14. c4 1/2-1/2

[Event "Staatsliga B - Mitte 2002/03"]
[Site "?"]
[Date "2002.10.12"]
[Round "2.2"]
[White "TITZ, Heimo"]
[Black "BUTUNOI, Alexandru"]
[Result "1/2-1/2"]
[WhiteElo "2325"]
[BlackElo "2404"]
[PlyCount "156"]
[EventDate "2002.10.12"]

1. c4 g6 2. e4 Bg7 3. d4 d6 4. Nc3 Nf6 5. Nf3 O-O 6. Be2 Na6 7. O-O e5 8. Be3
Ng4 9. Bg5 Qe8 10. dxe5 dxe5 11. h3 Nf6 12. Qc2 h6 13. Be3 Nh5 14. Rfe1 Nf4 15.
Bf1 c6 16. Rad1 Qe6 17. Bxf4 exf4 18. e5 Nc7 19. Nd4 Qe7 20. Qe4 Qg5 21. Nf3
Qf5 22. Bd3 Qxe4 23. Nxe4 Ne6 24. Nd6 Nc5 25. Bc2 a5 26. b3 Rd8 27. a3 Kf8 28.
b4 axb4 29. axb4 Ne6 30. c5 Nc7 31. Bb3 Be6 32. Bxe6 Nxe6 33. Ra1 Rxa1 34. Rxa1
Rb8 35. Ra7 Nd8 36. Kf1 Ke7 37. Ke2 Ke6 38. Nc4 f6 39. exf6 Bxf6 40. Kd3 g5 41.
Nd4+ Bxd4 42. Kxd4 Kf6 43. Na5 b6 44. cxb6 Rxb6 45. Kc4 Nf7 46. Rc7 Ne5+ 47.
Kc3 h5 48. Nc4 Nxc4 49. Kxc4 h4 50. f3 Ke6 51. Ra7 Rb8 52. Ra5 Rg8 53. Kc5 Rb8
54. Ra6 Kd7 55. Rxc6 Rxb4 56. Rg6 Ra4 57. Kb5 Ra2 58. Rxg5 Ke6 59. Rg4 Kf5 60.
Kc4 Rd2 61. Kc3 Re2 62. Kd3 Ra2 63. Rxh4 Rxg2 64. Rh5+ Kg6 65. Ra5 Rg3 66. Ke4
Rxh3 67. Kxf4 Rh4+ 68. Kg3 Rb4 69. Ra6+ Kf5 70. Ra8 Rc4 71. Rf8+ Kg5 72. f4+
Kg6 73. Kg4 Kg7 74. Ra8 Rc6 75. Kg5 Kf7 76. Ra7+ Kf8 77. f5 Rb6 78. Rh7 Ra6
1/2-1/2

[Event "Staatsliga B - Mitte 2002/03"]
[Site "?"]
[Date "2002.10.12"]
[Round "2.4"]
[White "GENSER, Harald"]
[Black "KREBS, Johann"]
[Result "1-0"]
[WhiteElo "2268"]
[BlackElo "2280"]
[PlyCount "123"]
[EventDate "2002.10.12"]

1. d4 Nf6 2. c4 g6 3. Nc3 Bg7 4. e4 d6 5. Be2 O-O 6. Nf3 e5 7. Be3 Ng4 8. Bg5
f6 9. Bh4 g5 10. Bg3 Nh6 11. dxe5 dxe5 12. Qxd8 Rxd8 13. Nd5 Na6 14. h4 g4 15.
Nh2 Be6 16. O-O-O c6 17. Nc3 Bf8 18. Rxd8 Rxd8 19. Rd1 Rxd1+ 20. Kxd1 Bc5 21.
f4 gxf3 22. gxf3 Bd4 23. Kd2 Kg7 24. Nd1 Nf7 25. b3 Nc5 26. Ne3 a5 27. Nc2 Bg1
28. Nf1 Nd6 29. Bd3 b5 30. cxb5 cxb5 31. Nfe3 b4 32. Ke2 Kf7 33. Be1 Ke7 34.
Bg3 Kd7 35. Be1 Kc6 36. Bd2 Bh2 37. Nf1 Bg1 38. Be3 Bxe3 39. Nfxe3 Nxd3 40.
Kxd3 Kc5 41. Ng4 Ne8 42. Kd2 Kb5 43. Nf2 Nd6 44. Ke3 Nb7 45. Ng4 Bxg4 46. fxg4
Nc5 47. Na1 a4 48. Kf3 h6 49. Ke3 Ka5 50. Kf3 Nd3 51. g5 fxg5 52. hxg5 hxg5 53.
Kg4 a3 54. Kxg5 Kb5 55. Kf5 Kc5 56. Nc2 Nc1 57. Kxe5 Nxa2 58. Kf4 Nc1 59. e5 a2
60. e6 Kd6 61. Na1 Kxe6 62. Ke4 $138 1-0

[Event "Staatsliga B - Mitte 2002/03"]
[Site "?"]
[Date "2002.10.12"]
[Round "2.5"]
[White "SCHNIDER, Gert"]
[Black "NICKL, Klaus"]
[Result "1/2-1/2"]
[WhiteElo "2195"]
[BlackElo "2203"]
[PlyCount "23"]
[EventDate "2002.10.12"]

1. d4 g6 2. c4 Bg7 3. Nc3 Nf6 4. e4 O-O 5. Nf3 c6 6. Bd3 d5 7. e5 Ne8 8. O-O
Na6 9. Be3 Nb4 10. Be2 dxc4 11. Bxc4 Nc7 12. Re1 1/2-1/2

[Event "Staatsliga B - Mitte 2002/03"]
[Site "?"]
[Date "2002.10.12"]
[Round "2.2"]
[White "BUKAL, Vladimir Jun"]
[Black "FAULAND, Alexander"]
[Result "1/2-1/2"]
[WhiteElo "2409"]
[BlackElo "2427"]
[Annotator "STYRIA GRAZ-TROFAIACH, BRETT 2"]
[PlyCount "40"]
[EventDate "2002.10.12"]

1. d4 Nf6 2. c4 e6 3. Nf3 Bb4+ 4. Nbd2 b6 5. a3 Bxd2+ 6. Qxd2 Bb7 7. g3 Bxf3 8.
exf3 d5 9. c5 O-O 10. Bb5 c6 11. Ba4 Nfd7 12. b4 a5 13. Bb2 axb4 14. axb4 Qf6
15. f4 b5 16. Bc2 Rxa1+ 17. Bxa1 Na6 18. O-O Ra8 19. Bc3 Nc7 20. Qc1 g6 1/2-1/2

[Event "Staatsliga B - Mitte 2002/03"]
[Site "?"]
[Date "2002.10.12"]
[Round "2.3"]
[White "ROGULJ, Branko"]
[Black "BUKAL, Vladimir"]
[Result "1/2-1/2"]
[WhiteElo "2435"]
[BlackElo "2420"]
[Annotator "STYRIA GRAZ-TROFAIACH, BRETT 3"]
[PlyCount "38"]
[EventDate "2002.10.12"]

1. e4 e6 2. d4 d5 3. Nd2 c5 4. exd5 exd5 5. Bb5+ Nc6 6. Ngf3 Bd6 7. dxc5 Bxc5
8. O-O Nge7 9. Nb3 Bd6 10. Bxc6+ bxc6 11. Be3 Bg4 12. h3 Bh5 13. Bc5 O-O 14.
Re1 Re8 15. Bxd6 Qxd6 16. Qd3 Bxf3 17. Qxf3 Ng6 18. Rad1 Rxe1+ 19. Rxe1 Nf8
1/2-1/2

[Event "Staatsliga B - Mitte 2002/03"]
[Site "?"]
[Date "2002.10.12"]
[Round "2.5"]
[White "BAWART, Markus"]
[Black "DEMUTH, Markus"]
[Result "1-0"]
[WhiteElo "2337"]
[BlackElo "2228"]
[Annotator "STYRIA GRAZ-TROFAIACH"]
[PlyCount "79"]
[EventDate "2002.10.12"]

1. Nf3 Nf6 2. g3 g6 3. Bg2 Bg7 4. O-O O-O 5. d4 d6 6. Nc3 d5 7. Ne5 c6 8. Bf4
Nh5 9. Be3 Nd7 10. f4 Nb6 11. Bf2 f6 12. Nd3 f5 13. a4 Nc4 14. b3 Nd6 15. a5
Nf6 16. Ne5 a6 17. Qe1 Nfe4 18. Na4 Be6 19. Qb4 Qc7 20. c4 dxc4 21. Bxe4 fxe4
22. Nc5 Bh3 23. bxc4 Bxf1 24. Rxf1 Rad8 25. Ne6 Qc8 26. Nxf8 Kxf8 27. d5 cxd5
28. cxd5 Kg8 29. Bc5 Nf5 30. d6 exd6 31. Qb3+ d5 32. Bb6 Re8 33. Qxd5+ Qe6 34.
Qxb7 Bxe5 35. fxe5 Qxe5 36. Qxa6 Nxg3 37. Qc4+ Re6 38. Rd1 Nf5 39. a6 Kg7 40.
a7 1-0